[Event "XIII Konik Morski Rewala - Open B"]
[Site "Rewal"]
[Date "2008.08.23"]
[Round "5"]
[White "Grochulski, Grzegorz"]
[Black "Wojtaszewski, Piotr"]
[Result "1-0"]
[WhiteElo "1856"]
[BlackElo "1998"]
[PlyCount "81"]
[EventDate "2008.??.??"]

1. e4 c5 2. Nf3 Nc6 3. d4 cxd4 4. Nxd4 Nf6 5. Nc3 a6 6. Nxc6 dxc6 7. Qxd8+ Kxd8
8. Bc4 e6 9. Bg5 h6 10. Bh4 g5 11. Bg3 Bb4 12. Be5 Ke7 13. O-O-O b5 14. Be2 Bb7
15. a3 Bxc3 16. Bxc3 Rhd8 17. e5 Rxd1+ 18. Rxd1 Nd7 19. Bf3 Rb8 20. Rd6 Rc8 21.
g3 f6 22. Bg4 f5 23. Bf3 Ba8 24. Be2 Bb7 25. a4 Ra8 26. f4 g4 27. Bf1 Rd8 28.
Bg2 Rc8 29. Bb4 c5 30. Bxb7 Rc7 31. Bxa6 cxb4 32. Bxb5 Nc5 33. Rc6 Rxc6 34.
Bxc6 Kd8 35. Kd2 Kc7 36. Bb5 Kb6 37. Ke3 Ne4 38. Kd3 Nf2+ 39. Kc4 Nd1 40. Kxb4
Nxb2 41. Be2 1-0

[Event "XIII Konik Morski Rewala - Open B"]
[Site "Rewal"]
[Date "2008.08.23"]
[Round "5"]
[White "Wasik, Piotr"]
[Black "Rosiak, Agata"]
[Result "1-0"]
[WhiteElo "1973"]
[BlackElo "1840"]
[PlyCount "57"]
[EventDate "2008.??.??"]

1. e4 c5 2. Nf3 d6 3. d4 cxd4 4. Qxd4 Nc6 5. Bb5 Bd7 6. Bxc6 Bxc6 7. c4 Nf6 8.
Nc3 g6 9. O-O Bg7 10. Qd3 O-O 11. Be3 a6 12. Rac1 Rc8 13. Nd5 Nxd5 14. exd5 Bd7
15. Bd4 Qa5 16. Bxg7 Kxg7 17. a3 b5 18. b4 Qc7 19. c5 dxc5 20. Qc3+ Kg8 21.
bxc5 Rfd8 22. Rfd1 Bf5 23. Qe3 a5 24. h3 Rb8 25. Ne5 Bd7 26. Qf4 f6 27. Nxg6
Qxf4 28. Nxf4 Kf7 29. c6 1-0

[Event "XIII Konik Morski Rewala - Open B"]
[Site "Rewal"]
[Date "2008.08.23"]
[Round "5"]
[White "Poswiatowski, Michal"]
[Black "Trepkowski, Piotr"]
[Result "0-1"]
[WhiteElo "1775"]
[BlackElo "1932"]
[PlyCount "96"]
[EventDate "2008.??.??"]

1. e4 e5 2. Nf3 Nc6 3. Bb5 a6 4. Ba4 Nf6 5. O-O Be7 6. Re1 b5 7. Bb3 O-O 8. c3
d5 9. exd5 Nxd5 10. d4 exd4 11. Nxd4 Nxd4 12. Bxd5 Qxd5 13. cxd4 Bb7 14. f3 Bf6
15. Be3 Rad8 16. Nc3 Qf5 17. b4 Rfe8 18. Qd2 h6 19. Rad1 Qg6 20. Ne2 Bxf3 21.
Nf4 Qg4 22. Rc1 Rxe3 23. Rxe3 Bxd4 24. Kh1 Bd5 25. Nxd5 Rxd5 26. Rd3 Qh4 27.
Rd1 Be5 28. g3 Qe4+ 29. Qg2 Qxg2+ 30. Kxg2 Rxd3 31. Rxd3 Kf8 32. Kf3 Ke7 33.
Ke4 Bd6 34. Rb3 Ke6 35. Kd4 c6 36. h3 Kd7 37. g4 Kc7 38. Rf3 f6 39. Ke4 Bxb4
40. Kf5 c5 41. Kg6 c4 42. Kxg7 c3 43. Rf2 Bc5 44. Re2 a5 45. Kxh6 b4 46. Kg6 a4
47. Rc2 Bd4 48. a3 b3 0-1

[Event "XIII Konik Morski Rewala - Open B"]
[Site "Rewal"]
[Date "2008.08.23"]
[Round "5"]
[White "Brudzinski, Maciej"]
[Black "Statucki, Maciej"]
[Result "1-0"]
[WhiteElo "2092"]
[BlackElo "1568"]
[PlyCount "69"]
[EventDate "2008.??.??"]

1. h4 d5 2. g3 c5 3. Bg2 Nf6 4. b3 Nc6 5. Bb2 e5 6. c4 Be6 7. d3 Be7 8. Nd2 Qc7
9. Ngf3 a6 10. cxd5 Nxd5 11. Nc4 Bf6 12. e4 Nde7 13. Ng5 Bd7 14. Qh5 g6 15. Qf3
Bxg5 16. hxg5 O-O-O 17. Qf6 Be6 18. Bxe5 Nxe5 19. Qxe5 b5 20. Qxc7+ Kxc7 21.
Ne5 Nc6 22. Nxc6 Kxc6 23. Ke2 Rd4 24. Ke3 Rhd8 25. Bf1 a5 26. Be2 a4 27. Rab1
axb3 28. axb3 Rb4 29. Bd1 c4 30. d4 Re8 31. Kd2 cxb3 32. d5+ Bxd5 33. exd5+
Kxd5 34. Bxb3+ Kd4 35. Rh4+ 1-0

[Event "XIII Konik Morski Rewala - Open B"]
[Site "Rewal"]
[Date "2008.08.23"]
[Round "5"]
[White "Sujkowski, Pawel"]
[Black "Czernicki, Bogdan"]
[Result "0-1"]
[WhiteElo "1850"]
[BlackElo "2032"]
[PlyCount "116"]
[EventDate "2008.??.??"]

1. e4 d6 2. Nf3 Bg4 3. h3 Bxf3 4. Qxf3 c6 5. d4 e6 6. c4 Nd7 7. Nc3 g6 8. Qd3
Bg7 9. Be3 Ne7 10. Be2 a6 11. h4 h5 12. Qd2 Qc7 13. a4 c5 14. d5 exd5 15. cxd5
f5 16. exf5 Nxf5 17. Bd3 O-O-O 18. Bxf5 gxf5 19. O-O Ne5 20. Bf4 Bf6 21. Bg5
Qf7 22. f4 Ng4 23. Rfe1 Bd4+ 24. Kh1 Rde8 25. Rxe8+ Rxe8 26. Re1 Nf2+ 27. Kh2
Ng4+ 28. Kh3 Bf2 29. Rxe8+ Qxe8 30. Qe2 Qxe2 31. Nxe2 Ne3 32. Ng3 Bxg3 33. Kxg3
Nxd5 34. Kf3 c4 35. Kf2 Nb6 36. a5 Nd5 37. Ke2 Kd7 38. Kd2 Kc6 39. Bd8 Kb5 40.
g4 hxg4 41. Bg5 Nc7 42. h5 Ne6 43. h6 Nf8 44. Be7 Nh7 45. Bxd6 Kxa5 46. Kc2 Kb5
47. Be5 Kc5 48. Kc3 Kd5 49. Kd2 Ke4 50. Ke2 b5 51. Bc7 b4 52. Bd6 a5 53. Bc7 a4
54. Be5 g3 55. Bd6 c3 56. bxc3 bxc3 57. Ke1 Kf3 58. Ba3 Kxf4 0-1

[Event "XIII Konik Morski Rewala - Open B"]
[Site "Rewal"]
[Date "2008.08.23"]
[Round "5"]
[White "Markiewicz, Mateusz"]
[Black "Ni, Polina"]
[Result "1-0"]
[WhiteElo "2013"]
[BlackElo "1925"]
[PlyCount "57"]
[EventDate "2008.??.??"]

1. e4 Nf6 2. e5 Nd5 3. d4 d6 4. Nf3 Bg4 5. Be2 dxe5 6. Nxe5 Bf5 7. O-O Nd7 8.
Ng4 N7f6 9. Ne3 Bd7 10. c4 Nf4 11. Bf3 c6 12. Nc3 g6 13. d5 Qc7 14. Re1 O-O-O
15. Qa4 Kb8 16. Qb3 h5 17. Rd1 Bg7 18. g3 Nh3+ 19. Kg2 h4 20. dxc6 Bxc6 21.
Rxd8+ Rxd8 22. Ned5 Nxd5 23. cxd5 Bd7 24. d6 Qb6 25. Qxb6 axb6 26. dxe7 Re8 27.
g4 Rxe7 28. Kxh3 Re1 29. Bf4+ 1-0

[Event "XIII Konik Morski Rewala - Open B"]
[Site "Rewal"]
[Date "2008.08.23"]
[Round "5"]
[White "Piotrowski, Arkadiusz"]
[Black "Chojnacka, Magdalena"]
[Result "0-1"]
[WhiteElo "1955"]
[BlackElo "1876"]
[PlyCount "128"]
[EventDate "2008.??.??"]

1. e4 c5 2. Nf3 Nc6 3. d4 cxd4 4. c3 dxc3 5. Nxc3 e6 6. Bc4 Bb4 7. O-O Nge7 8.
Bf4 Bxc3 9. bxc3 d5 10. exd5 Nxd5 11. Bd2 O-O 12. Qc2 h6 13. a4 Qc7 14. Rfc1
Ne5 15. Nxe5 Qxe5 16. Ba2 Nf6 17. Bb1 b6 18. Re1 Qf5 19. Qxf5 exf5 20. f3 Be6
21. Bf4 Nd5 22. Be5 Rac8 23. Rc1 Rc6 24. Bd3 Rfc8 25. Ra3 f6 26. Bd4 Nf4 27.
Bb5 Rd6 28. Re1 Bc4 29. g3 Ne6 30. Bf2 a6 31. Bxc4 Rxc4 32. Kg2 Nc5 33. a5 b5
34. Bd4 Ne6 35. Bb6 Kf7 36. Re2 Rd3 37. Rc2 Ng5 38. Rb3 Nxf3 39. Kf2 Rd2+ 40.
Rxd2 Nxd2 41. Rb2 Ne4+ 42. Ke3 Nxc3 43. Rd2 Re4+ 44. Kd3 Nd5 45. Kc2 Ke6 46.
Kb3 Rc4 47. Re2+ Kd7 48. Rd2 Kc6 49. Re2 Rb4+ 50. Ka3 Ra4+ 51. Kb3 Nxb6 52.
Re6+ Kb7 53. Re7+ Kc6 54. Re6+ Kb7 55. Re7+ Kb8 56. axb6 Rg4 57. Kc3 h5 58. Ra7
h4 59. gxh4 Rxh4 60. Rxg7 Rxh2 61. Kb4 Rh4+ 62. Kc5 f4 63. Ra7 f3 64. Rxa6 Ra4
0-1

[Event "XIII Konik Morski Rewala - Open B"]
[Site "Rewal"]
[Date "2008.08.23"]
[Round "5"]
[White "Giemza, Joanna"]
[Black "Furman, Justyna"]
[Result "1-0"]
[WhiteElo "2024"]
[BlackElo "1785"]
[PlyCount "129"]
[EventDate "2008.??.??"]

1. e4 e6 2. d4 d5 3. Nc3 Bb4 4. e5 c5 5. a3 Bxc3+ 6. bxc3 Ne7 7. Nf3 Qc7 8. h4
Bd7 9. a4 Nbc6 10. Bd2 cxd4 11. cxd4 Nf5 12. c3 Na5 13. h5 h6 14. g4 Ne7 15.
Nh4 O-O-O 16. Be2 Nc4 17. O-O g6 18. hxg6 Nxg6 19. Nxg6 fxg6 20. Kg2 Bc6 21.
Rh1 Qg7 22. Bf4 Rdf8 23. Bg3 Qf7 24. Rh2 Be8 25. Qh1 h5 26. Ra2 Rh7 27. Rh4
Rfh8 28. gxh5 gxh5 29. Rf4 Qg7 30. Qh4 Rg8 31. Rf6 Rh6 32. Rxh6 Qxh6 33. Kh2
Qg6 34. Bf3 Rf8 35. Bg2 Bd7 36. Ra1 Qc2 37. Qe7 Re8 38. Qc5+ Kb8 39. Qb4 a5 40.
Qb1 Qxc3 41. Qd1 Nb2 42. Qxh5 Qxd4 43. Kg1 Nxa4 44. Rd1 Qc5 45. Bxd5 Nc3 46.
Bxe6 Rxe6 47. Rxd7 Qc6 48. Rh7 a4 49. Qf7 Ne2+ 50. Kh2 Nxg3 51. fxg3 a3 52.
Rh8+ Ka7 53. Qf2+ Qb6 54. Qf8 Qb2+ 55. Kh3 Rxe5 56. Qb8+ Kb6 57. Rh7 Qa1 58.
Rxb7+ Kc5 59. Rb5+ Kc4 60. Rxe5 Qh1+ 61. Kg4 Qd1+ 62. Kg5 Qd2+ 63. Kg6 Qd3+ 64.
Rf5 a2 65. Qb5+ 1-0

[Event "XIII Konik Morski Rewala - Open B"]
[Site "Rewal"]
[Date "2008.08.23"]
[Round "5"]
[White "Zadlo, Anna"]
[Black "Skwarnicki, Adam"]
[Result "0-1"]
[WhiteElo "1785"]
[BlackElo "2053"]
[PlyCount "60"]
[EventDate "2008.??.??"]

1. e4 c5 2. c3 e6 3. d4 d5 4. exd5 exd5 5. dxc5 Bxc5 6. Nd2 Nf6 7. Nb3 Bxf2+ 8.
Kd2 Bf5 9. Bd3 Ne4+ 10. Kc2 O-O 11. Nf3 Nc6 12. Bf4 Rc8 13. Rc1 Nb4+ 14. Kb1
Nxd3 15. Ka1 Nxf4 16. Nfd4 Bg6 17. Rf1 Be3 18. Rc2 Nc5 19. Rd2 Nxb3+ 20. Nxb3
Bxd2 21. Qxd2 Ne6 22. Rd1 Qg5 23. Qxg5 Nxg5 24. Nd4 Rfe8 25. a3 a6 26. Ka2 Ne6
27. Nxe6 fxe6 28. Re1 e5 29. h3 d4 30. cxd4 exd4 0-1

[Event "XIII Konik Morski Rewala - Open B"]
[Site "Rewal"]
[Date "2008.08.23"]
[Round "5"]
[White "Witek, Pawel"]
[Black "Wozniak, Bartosz"]
[Result "1/2-1/2"]
[WhiteElo "1998"]
[BlackElo "1737"]
[PlyCount "82"]
[EventDate "2008.??.??"]

1. d4 Nf6 2. c4 c5 3. d5 b5 4. cxb5 a6 5. b6 Qxb6 6. Nc3 d6 7. e4 g6 8. Nf3
Nbd7 9. Nd2 Bg7 10. Nc4 Qa7 11. Be3 a5 12. Nb5 Qb8 13. Qc2 O-O 14. a4 Nb6 15.
Ra3 Nxc4 16. Bxc4 Bb7 17. O-O Ng4 18. Bd2 Ne5 19. f4 Nxc4 20. Qxc4 Bxb2 21. Rb3
Bg7 22. Rfb1 Bc8 23. e5 dxe5 24. Qxc5 Bf5 25. Re1 exf4 26. Rxe7 Rc8 27. Qf2 Bf8
28. Nd4 Qxb3 29. Nxb3 Bxe7 30. Bxf4 Bf6 31. Qb6 Bc3 32. h3 Rc4 33. Bd2 Bxd2 34.
Nxd2 Rxa4 35. Nf3 Ra1+ 36. Kh2 a4 37. Qb7 Rf8 38. d6 Rd1 39. Qb4 Rd8 40. Qxa4
R1xd6 41. Qh4 Kg7 1/2-1/2

[Event "XIII Konik Morski Rewala - Open B"]
[Site "Rewal"]
[Date "2008.08.23"]
[Round "5"]
[White "Malec, Sebastian"]
[Black "Botor, Michal"]
[Result "0-1"]
[WhiteElo "1798"]
[BlackElo "1948"]
[PlyCount "92"]
[EventDate "2008.??.??"]

1. e4 c5 2. Nf3 e6 3. d4 cxd4 4. Nxd4 Bc5 5. Nb3 Bb6 6. Nc3 Ne7 7. Bf4 d5 8.
Bd3 d4 9. Nb5 O-O 10. Nd6 Ng6 11. Bg3 e5 12. Nf5 Nc6 13. h4 Bxf5 14. exf5 Nf4
15. O-O Nxd3 16. cxd3 Qd7 17. Qf3 f6 18. Bh2 Rac8 19. Qe4 Ne7 20. g4 Rc2 21. f4
exf4 22. Rac1 Nd5 23. Rf2 Rxf2 24. Kxf2 Ne3 25. Bxf4 Re8 26. Qf3 Qb5 27. Bxe3
dxe3+ 28. Ke2 Qe5 29. Kf1 Qxb2 30. Qe2 Qe5 31. Kg2 Qd5+ 32. Kh3 Qd6 33. Rf1 Rd8
34. Nc1 Rc8 35. Nb3 Rc3 36. d4 a5 37. Rd1 Bc7 38. Rg1 a4 39. Nc5 Qxd4 40. Ne6
Qd2 41. Rg2 Be5 42. g5 fxg5 43. Qb5 g4+ 44. Kxg4 Qxg2+ 45. Kh5 Qf3+ 46. Kg5
Bf4+ 0-1

[Event "XIII Konik Morski Rewala - Open B"]
[Site "Rewal"]
[Date "2008.08.23"]
[Round "5"]
[White "Galaszewski, Patryk"]
[Black "Kuciapa, Andre"]
[Result "1-0"]
[WhiteElo "1755"]
[BlackElo "1887"]
[PlyCount "91"]
[EventDate "2008.??.??"]

1. d4 Nf6 2. c4 e6 3. Nc3 c5 4. Nf3 Be7 5. e4 cxd4 6. Nxd4 O-O 7. Be3 Nc6 8.
Bd3 Ne5 9. Be2 Bb4 10. Qc2 b6 11. f3 Ba6 12. b3 d5 13. O-O dxc4 14. bxc4 Bxc4
15. Bxc4 Nxc4 16. Bf2 Bc5 17. Nce2 Ne5 18. h3 Rc8 19. Qb3 Nc6 20. Rad1 Nxd4 21.
Nxd4 Qc7 22. Nb5 Bxf2+ 23. Rxf2 Qb8 24. Qa4 Rc5 25. Rb1 Qe5 26. Rfb2 a5 27. Nd4
Rfc8 28. Rxb6 Rc4 29. Rb8 Qxd4+ 30. Kh1 Qc5 31. Rxc8+ Qxc8 32. Qxc4 Qd8 33. Qb5
Kf8 34. Qb8 Ke8 35. Qxd8+ Kxd8 36. Rb5 Kc7 37. Rxa5 Kb6 38. Ra8 Nd7 39. Rg8 g6
40. Rg7 Ne5 41. f4 Nd3 42. Rxf7 Nf2+ 43. Kh2 Nxe4 44. Rxh7 Nc3 45. Rh6 Nxa2 46.
Rxg6 1-0

[Event "XIII Konik Morski Rewala - Open B"]
[Site "Rewal"]
[Date "2008.08.23"]
[Round "5"]
[White "Borowiak, Aleksander"]
[Black "Grochocinska, Urszula"]
[Result "1-0"]
[WhiteElo "1885"]
[BlackElo "1665"]
[PlyCount "39"]
[EventDate "2008.??.??"]

1. e4 e5 2. Nf3 Nc6 3. Bb5 a6 4. Ba4 Nf6 5. O-O b5 6. Bb3 Bc5 7. Nxe5 Bxf2+ 8.
Rxf2 Nxe5 9. d4 Neg4 10. Rf1 d6 11. h3 O-O 12. hxg4 Nxg4 13. Qe1 c5 14. Bd5 Ra7
15. Be3 cxd4 16. Bxd4 Rd7 17. Qg3 Qg5 18. Nc3 h5 19. Rf5 Qg6 20. Qh4 1-0

[Event "XIII Konik Morski Rewala - Open B"]
[Site "Rewal"]
[Date "2008.08.23"]
[Round "5"]
[White "Delekta, Anna"]
[Black "Wasik, Jozef"]
[Result "1-0"]
[WhiteElo "1706"]
[BlackElo "1881"]
[PlyCount "107"]
[EventDate "2008.??.??"]

1. e4 c5 2. Nf3 a6 3. d4 cxd4 4. Nxd4 Nf6 5. Nc3 e5 6. Nb3 Bb4 7. f3 d5 8. Bd2
dxe4 9. Nxe4 Nxe4 10. Bxb4 Qh4+ 11. g3 Nxg3 12. hxg3 Qxb4+ 13. Qd2 Qxd2+ 14.
Nxd2 Bf5 15. O-O-O b5 16. g4 Bg6 17. Re1 f6 18. f4 Nd7 19. Nf3 O-O 20. fxe5
fxe5 21. Nxe5 Rae8 22. Nd3 Rxe1+ 23. Nxe1 Ne5 24. Be2 Rf2 25. Bd1 Kf7 26. Rh3
Rf1 27. Re3 Kf6 28. b3 Rg1 29. Rxe5 Kxe5 30. Nf3+ Kf4 31. Nxg1 Be4 32. Nh3+ Ke3
33. Ng5 Bg6 34. Ne6 Be4 35. Nxg7 Bf3 36. Bxf3 Kxf3 37. c4 bxc4 38. bxc4 Kxg4
39. Kd2 Kf4 40. Kc3 Ke5 41. Kb4 Kd6 42. Nf5+ Kc6 43. Nd4+ Kb6 44. c5+ Kc7 45.
a4 h5 46. a5 h4 47. c6 Kb8 48. Kc5 h3 49. Nf3 Ka7 50. Kd6 h2 51. Nxh2 Kb8 52.
Kd7 Ka8 53. c7 Ka7 54. Nf3 1-0

[Event "XIII Konik Morski Rewala - Open B"]
[Site "Rewal"]
[Date "2008.08.23"]
[Round "5"]
[White "Gasiorek, Dariusz"]
[Black "Murawko, Katarzyna"]
[Result "1-0"]
[WhiteElo "1876"]
[BlackElo "1622"]
[PlyCount "85"]
[EventDate "2008.??.??"]

1. e4 c5 2. Nf3 d6 3. d4 cxd4 4. Nxd4 Nf6 5. Nc3 a6 6. Bg5 e6 7. f4 Be7 8. Qf3
Nc6 9. O-O-O Bd7 10. e5 Nd5 11. Bxe7 Qxe7 12. Nxd5 exd5 13. Qxd5 dxe5 14. fxe5
Qxe5 15. Qxe5+ Nxe5 16. Re1 f6 17. Nf3 Kf7 18. Nxe5+ fxe5 19. Bc4+ Kg6 20. Rxe5
Rae8 21. Rhe1 Rxe5 22. Rxe5 Bf5 23. Bd5 Rc8 24. c3 Rc7 25. h3 Bd3 26. Kd2 Bf1
27. Ke3 Kf6 28. Re6+ Kf5 29. Rb6 Re7+ 30. Kf2 Bd3 31. Rxb7 Re2+ 32. Kf3 Kf6 33.
Rb6+ Kf5 34. a4 h6 35. b4 Rc2 36. Rc6 Rb2 37. Rc5 Kf6 38. Bc4 Bc2 39. Rc6+ Ke7
40. Rxa6 Bd1+ 41. Kg3 Rc2 42. Re6+ Kf8 43. Re3 1-0

[Event "XIII Konik Morski Rewala - Open B"]
[Site "Rewal"]
[Date "2008.08.23"]
[Round "5"]
[White "Sieliwonik, Katarzyna"]
[Black "Laszewski, Kazimierz"]
[Result "1-0"]
[WhiteElo "1676"]
[BlackElo "1822"]
[PlyCount "85"]
[EventDate "2008.??.??"]

1. e4 e5 2. Nf3 Nc6 3. Bc4 Bc5 4. d3 Nf6 5. c3 d6 6. Nbd2 O-O 7. Nf1 Na5 8. Bb3
Nxb3 9. axb3 h6 10. Ng3 a6 11. O-O Nh7 12. Be3 Ba7 13. Qd2 f5 14. exf5 Bxf5 15.
Nxf5 Rxf5 16. Bxa7 Rxa7 17. Qe3 Ra8 18. Qe4 Qc8 19. h3 Rf4 20. Qe3 Qe6 21. d4
Raf8 22. dxe5 Rxf3 23. gxf3 Qxh3 24. f4 Qd7 25. Rfe1 dxe5 26. fxe5 Ng5 27. e6
Qe7 28. Re2 Rf6 29. Qd3 Nxe6 30. Rd1 Qf7 31. Qe4 Qh5 32. Rd3 Nf8 33. Qd5+ Qf7
34. Re7 Qxd5 35. Rxd5 Rc6 36. Rd8 g6 37. Rc8 b5 38. Rcxc7 Rd6 39. Rc8 h5 40. c4
Rd3 41. c5 Rf3 42. c6 Rf7 43. Rce8 1-0

[Event "XIII Konik Morski Rewala - Open B"]
[Site "Rewal"]
[Date "2008.08.23"]
[Round "5"]
[White "Dubrawska, Greta"]
[Black "Misztal, Piotr"]
[Result "0-1"]
[WhiteElo "1568"]
[BlackElo "1806"]
[PlyCount "54"]
[EventDate "2008.??.??"]

1. d4 Nf6 2. c4 g6 3. Nc3 Bg7 4. Bg5 O-O 5. Nf3 d6 6. e3 h6 7. Bh4 Bf5 8. Bd3
Bxd3 9. Qxd3 c5 10. h3 Nc6 11. a3 Nd7 12. Rb1 g5 13. Bg3 Qa5 14. O-O Rac8 15.
Rfc1 Qd8 16. h4 g4 17. Nh2 cxd4 18. exd4 f5 19. d5 Nce5 20. Bxe5 Nxe5 21. Qe2
Rxc4 22. Re1 Qb6 23. Nf1 f4 24. Qd2 g3 25. Ne4 Ng4 26. Qe2 Rxe4 27. Qxe4 gxf2+
0-1

[Event "XIII Konik Morski Rewala - Open B"]
[Site "Rewal"]
[Date "2008.08.23"]
[Round "5"]
[White "Szewczyk, Janusz"]
[Black "Gora, Jan"]
[Result "0-1"]
[WhiteElo "2048"]
[BlackElo "1678"]
[PlyCount "124"]
[EventDate "2008.??.??"]

1. e4 c5 2. Nf3 e6 3. d4 cxd4 4. Nxd4 a6 5. Nc3 Qc7 6. Be2 Nf6 7. O-O Bb4 8.
Qd3 O-O 9. Bg5 Be7 10. f4 Nc6 11. Nxc6 dxc6 12. e5 Nd5 13. Ne4 f5 14. exf6 Nxf6
15. Bxf6 Bxf6 16. Qb3 Bd4+ 17. Kh1 Rxf4 18. Rxf4 Qxf4 19. Ng3 Bf6 20. Rf1 Qe5
21. c3 b5 22. Bf3 Bb7 23. Ne4 c5 24. Nxf6+ Qxf6 25. Qd1 Rf8 26. Kg1 Bd5 27. Be2
Qg5 28. Rxf8+ Kxf8 29. Qf1+ Qf5 30. a4 Qxf1+ 31. Kxf1 c4 32. axb5 axb5 33. h3
Ke7 34. Kf2 Kd6 35. Ke3 Kc5 36. h4 b4 37. g4 bxc3 38. bxc3 e5 39. g5 Kd6 40.
Bg4 Ke7 41. Bd1 h6 42. Bc2 Ke6 43. Bh7 Kf7 44. Bb1 Bg2 45. Bc2 hxg5 46. hxg5 g6
47. Bb1 Bh3 48. Bc2 Bf5 49. Ba4 Ke6 50. Bc6 Bd3 51. Be4 Bxe4 52. Kxe4 Kd6 53.
Kf3 Ke7 54. Ke3 Kd7 55. Kf3 Kd6 56. Ke3 Kd5 57. Kf3 e4+ 58. Kf4 e3 59. Kf3 e2
60. Kxe2 Ke4 61. Kd2 Kf3 62. Kd1 Ke3 0-1

[Event "XIII Konik Morski Rewala - Open B"]
[Site "Rewal"]
[Date "2008.08.23"]
[Round "5"]
[White "Suwara, Piotr"]
[Black "Turcheniac, Mariya"]
[Result "1-0"]
[WhiteElo "1778"]
[BlackElo "2024"]
[PlyCount "117"]
[EventDate "2008.??.??"]

1. e4 d5 2. exd5 Qxd5 3. Nc3 Qa5 4. d4 Nf6 5. Nf3 c6 6. Bc4 Bg4 7. h3 Bh5 8.
Bd2 Qc7 9. Qe2 Nbd7 10. g4 Bg6 11. O-O-O Nb6 12. Bb3 O-O-O 13. Ne5 Nfd5 14. h4
f6 15. Nxg6 hxg6 16. Qe4 e6 17. Qxe6+ Qd7 18. Qxd7+ Kxd7 19. Nxd5 cxd5 20. Bf4
Bd6 21. Bg3 Rde8 22. Rde1 Rxe1+ 23. Rxe1 Bxg3 24. fxg3 Re8 25. Rxe8 Kxe8 26. c3
Ke7 27. Bc2 g5 28. b3 Kd6 29. Bf5 Na8 30. c4 Nc7 31. Kd2 b6 32. Bh7 Ne6 33. Ke3
Nd8 34. Bg8 dxc4 35. bxc4 Nc6 36. a3 Ne7 37. Bh7 Kc6 38. Kd3 Kd6 39. Kc3 Nc6
40. Be4 Ne7 41. Kb4 Ng8 42. Kb5 Kc7 43. Ka6 Nh6 44. Bf5 g6 45. Bxg6 gxh4 46.
gxh4 Nxg4 47. h5 Kb8 48. d5 Nh6 49. d6 f5 50. d7 Kc7 51. Kxa7 f4 52. Be4 Nf7
53. Bd5 Nh6 54. a4 Ng4 55. d8=Q+ Kxd8 56. Kxb6 Ne3 57. h6 Nxd5+ 58. cxd5 f3 59.
h7 1-0

[Event "XIII Konik Morski Rewala - Open B"]
[Site "Rewal"]
[Date "2008.08.26"]
[Round "6"]
[White "Kumor, Lukasz"]
[Black "Czarnecki, Wojciech"]
[Result "1-0"]
[WhiteElo "2064"]
[BlackElo "2056"]
[PlyCount "78"]
[EventDate "2008.??.??"]

1. e4 c5 2. b3 Nc6 3. Bb2 Nf6 4. e5 Nd5 5. Qf3 Nc7 6. Na3 Ne6 7. Bc4 g6 8.
O-O-O Bg7 9. Qg3 a6 10. h4 Qc7 11. f4 b5 12. Bxe6 dxe6 13. h5 Rg8 14. h6 Bh8
15. Nf3 f6 16. Rhe1 Kf7 17. Qf2 Nb4 18. Kb1 Bb7 19. Re2 Nd5 20. Nh2 Rad8 21. g4
c4 22. Bd4 c3 23. Ka1 Qa5 24. Bc5 Rc8 25. Nb1 cxd2 26. Ba3 Rxc2 27. Rexd2 Rxd2
28. Rxd2 Rc8 29. Bb2 Qb4 30. f5 exf5 31. Rd4 Qc5 32. gxf5 Qc2 33. fxg6+ Qxg6
34. Nf3 Rc2 35. Qh4 Ne3 36. Qh3 Rf2 37. e6+ Ke8 38. Ng1 Rf3 39. Qh4 Rg3 1-0

[Event "XIII Konik Morski Rewala - Open B"]
[Site "Rewal"]
[Date "2008.08.26"]
[Round "6"]
[White "Pienkos, Slawomir"]
[Black "Wasik, Piotr"]
[Result "0-1"]
[WhiteElo "2026"]
[BlackElo "1973"]
[PlyCount "76"]
[EventDate "2008.??.??"]

1. d4 d5 2. c4 c6 3. Nc3 Nf6 4. Nf3 e6 5. Bg5 Nbd7 6. e3 Qa5 7. Bxf6 Nxf6 8.
Nd2 Bb4 9. Qc2 O-O 10. Bd3 dxc4 11. Nxc4 Qh5 12. O-O b6 13. f4 Bxc3 14. bxc3
Ba6 15. Rf3 g6 16. Rh3 Qd5 17. Ne5 Bxd3 18. Qxd3 c5 19. g4 cxd4 20. exd4 Nd7
21. Nf3 f5 22. c4 Qd6 23. Ng5 Nf6 24. Re1 Rfe8 25. gxf5 exf5 26. Re5 Re7 27.
Rxe7 Qxe7 28. Re3 Qd6 29. Re5 h6 30. Nf3 Ng4 31. c5 bxc5 32. Qb3+ Kh8 33. dxc5
Qc7 34. Rd5 Rb8 35. Qc3+ Kh7 36. c6 Qb6+ 37. Nd4 Qb1+ 38. Kg2 Qxa2+ 0-1

[Event "XIII Konik Morski Rewala - Open B"]
[Site "Rewal"]
[Date "2008.08.26"]
[Round "6"]
[White "Solnicki, Michal"]
[Black "Trepkowski, Piotr"]
[Result "1/2-1/2"]
[WhiteElo "2010"]
[BlackElo "1932"]
[PlyCount "158"]
[EventDate "2008.??.??"]

1. e4 e5 2. Nf3 Nc6 3. Bc4 Nf6 4. O-O Nxe4 5. Nc3 Nxc3 6. dxc3 Be7 7. Qd5 O-O
8. Nxe5 Nxe5 9. Qxe5 Bf6 10. Qh5 g6 11. Qf3 c6 12. Bh6 Bg7 13. Bxg7 Kxg7 14.
Rad1 d5 15. Qg3 Be6 16. Bd3 Re8 17. f4 f5 18. Kh1 Qf6 19. Rfe1 Re7 20. Re5 Rae8
21. Rde1 Bc8 22. Qe3 Kf7 23. c4 a6 24. cxd5 cxd5 25. c4 Be6 26. Qb6 dxc4 27.
Rxe6 Rxe6 28. Bxc4 R8e7 29. Rxe6 Rxe6 30. Qxb7+ Kf8 31. Bxe6 Qxe6 32. Qb4+ Kf7
33. a3 Qe2 34. h3 h5 35. Qb7+ Ke6 36. Qc6+ Kf7 37. Qd7+ Kf6 38. Qd6+ Kf7 39.
Qc7+ Kf6 40. Qc3+ Ke6 41. Qc6+ Kf7 42. Qc7+ Kf6 43. Qc3+ Ke6 44. Kh2 Qe4 45.
Qg3 Kf7 46. b4 Qc4 47. Qe3 h4 48. Qf2 Qc1 49. Qxh4 Qxa3 50. Qh7+ Kf6 51. Qh8+
Kf7 52. Qd4 Qa4 53. Kg3 Qa3+ 54. Kh4 Qa2 55. g4 fxg4 56. hxg4 Qe6 57. Qa7+ Kf6
58. Qf2 Qd6 59. Qb2+ Kf7 60. Qb3+ Kf6 61. Qc3+ Kf7 62. Qc4+ Kg7 63. Qe4 Qf6+
64. g5 Qd6 65. Qe5+ Qxe5 66. fxe5 Kf7 67. Kg4 Ke6 68. Kf4 Kd5 69. e6 Kxe6 70.
Ke4 Kd6 71. Kd4 Kc6 72. Ke5 Kb5 73. Kf6 Kxb4 74. Kxg6 a5 75. Kf5 a4 76. g6 a3
77. g7 a2 78. g8=Q a1=Q 79. Qb8+ Kc4 1/2-1/2

[Event "XIII Konik Morski Rewala - Open B"]
[Site "Rewal"]
[Date "2008.08.26"]
[Round "6"]
[White "Plicner, Adam"]
[Black "Grochulski, Grzegorz"]
[Result "0-1"]
[WhiteElo "2060"]
[BlackElo "1856"]
[PlyCount "54"]
[EventDate "2008.??.??"]

1. c4 f5 2. Nc3 Nf6 3. Nf3 d6 4. g3 g6 5. Bg2 Bg7 6. O-O O-O 7. d3 e5 8. Bg5
Nbd7 9. Rb1 h6 10. Bxf6 Nxf6 11. b4 g5 12. b5 g4 13. Nd2 h5 14. Nd5 h4 15. a4
Nh5 16. a5 f4 17. gxh4 Rb8 18. Ne4 Qxh4 19. Nxc7 Rf7 20. Ne8 Bf8 21. d4 Be6 22.
N8xd6 Bxd6 23. Nxd6 Rh7 24. Qd3 f3 25. Nf5 Bxf5 26. Qxf5 Nf4 27. Bh3 Qxh3 0-1

[Event "XIII Konik Morski Rewala - Open B"]
[Site "Rewal"]
[Date "2008.08.26"]
[Round "6"]
[White "Hasinski, Krystian"]
[Black "Czaja, Roman"]
[Result "1-0"]
[WhiteElo "1990"]
[BlackElo "2115"]
[PlyCount "101"]
[EventDate "2008.??.??"]

1. d4 Nf6 2. c4 c5 3. Nf3 g6 4. Nc3 Bg7 5. e4 cxd4 6. Nxd4 d6 7. Be2 Qb6 8. Nb3
Be6 9. O-O Nc6 10. Be3 Qc7 11. f4 Qd7 12. h3 h5 13. c5 Bxb3 14. Qxb3 dxc5 15.
Bxc5 Qc7 16. Nd5 Nxd5 17. exd5 Nd4 18. Qa4+ Qd7 19. Qxd7+ Kxd7 20. Bd3 Rhc8 21.
Rac1 b6 22. Ba3 Bf6 23. b3 Rc7 24. Rxc7+ Kxc7 25. Kf2 Rd8 26. Rc1+ Kb8 27. Ba6
Nf5 28. g4 hxg4 29. hxg4 Bd4+ 30. Kf3 Nd6 31. Re1 Rd7 32. Rxe7 Kc7 33. Re2 f6
34. Re6 g5 35. Bc1 b5 36. a4 bxa4 37. bxa4 Rf7 38. Be3 Bb6 39. Bd3 Kd7 40. Bg6
Rf8 41. Bf5 Nxf5 42. gxf5 Bxe3 43. Kxe3 g4 44. Kf2 Rc8 45. Kg3 Rc5 46. Rxf6 Ra5
47. Rc6 Rxa4 48. f6 Rb4 49. Ra6 Rb3+ 50. Kxg4 Ke8 51. Kf5 1-0

[Event "XIII Konik Morski Rewala - Open B"]
[Site "Rewal"]
[Date "2008.08.26"]
[Round "6"]
[White "Chojnacka, Magdalena"]
[Black "Brudzinski, Maciej"]
[Result "1/2-1/2"]
[WhiteElo "1876"]
[BlackElo "2092"]
[PlyCount "84"]
[EventDate "2008.??.??"]

1. e4 b6 2. d4 Bb7 3. Nc3 e6 4. Bd3 Bb4 5. Nge2 f5 6. Ng3 fxe4 7. Bxe4 Bxe4 8.
Ngxe4 Nc6 9. Bg5 Be7 10. d5 Nb4 11. Bxe7 Nxe7 12. d6 Nf5 13. Nb5 Nxd6 14.
Nexd6+ cxd6 15. Nxd6+ Ke7 16. O-O Nd5 17. Nf5+ Kf8 18. c4 Nf6 19. Nd6 h5 20.
Qf3 Kg8 21. Rad1 Rb8 22. Rfe1 Rh6 23. Re5 Qc7 24. Rg5 Rf8 25. Qg3 Rh7 26. Ne4
Qxg3 27. Nxf6+ Rxf6 28. Rxg3 g6 29. Rgd3 Rf4 30. b3 Rff7 31. Rd6 Re7 32. a4
Rhf7 33. Kf1 Kf8 34. a5 bxa5 35. Ra6 d5 36. cxd5 exd5 37. Rxd5 Rb7 38. Rdxa5
Rxb3 39. Rxa7 Rb1+ 40. Ke2 Rb2+ 41. Ke3 Rbxf2 42. Rxf7+ Rxf7 1/2-1/2